Teaching food technology in secondary schools

Gardado en:
Detalles Bibliográficos
Autor Principal: Marion Rutland
Formato: Libro
Idioma:Undetermined
Publicado: London David Fulton Publishers 1998
Các nhãn: Engadir etiqueta
Sen Etiquetas, Sexa o primeiro en etiquetar este rexistro!
Thư viện lưu trữ: Trung tâm Học liệu Trường Đại học Cần Thơ
LEADER 00425nam a2200157Ia 4500
001 CTU_65839
008 210402s9999 xx 000 0 und d
020 |b 460000 
082 |a 664 
082 |b T253 
100 |a Marion Rutland 
245 0 |a Teaching food technology in secondary schools 
260 |a London 
260 |b David Fulton Publishers 
260 |c 1998 
980 |a Trung tâm Học liệu Trường Đại học Cần Thơ